20 let MK : [1991-2011] : vzpomínky, postřehy a přání k narozeninám /

Korporativní autor: Mladí konzervativci (sdružení)
Další autoři: Trávníček, Matěj, Sokol, Petr, 1974-, Evropští konzervativci a reformisté (politická skupina)
Jazyk: Polština
Latina
Čeština
Angličtina
Vydáno: Praha : Mladí konzervativci, 2011
Vydání: Vyd. 2.
Témata:
Fyzický popis: 86 s. ; 22 cm
Language note: Část. anglický, latinský a polský text
Knihy
Uloženo v:
LEADER 02487nam a2200661 a 4500
001 nkc20112258577
003 CZ PrNK
005 20120510072529.0
007 ta
008 111206s2011 xr e 000 0 cze
015 |a cnb002258577 
020 |a 978-80-260-1244-3  |q (brož.) 
035 |a (OCoLC)796016350 
040 |a OLA001  |b cze  |d ABA001 
041 0 |a cze  |a eng  |a lat  |a pol 
043 |a e-xr--- 
045 |a x9y1 
072 7 |a 329  |x Politické strany a hnutí  |2 Konspekt  |9 15 
080 |a 329.7  |2 MRF 
080 |a 32-053.6  |2 MRF 
080 |a 329.11  |2 MRF 
080 |a 329.055.2  |2 MRF 
080 |a (437.3)  |2 MRF 
080 |a (082)  |2 MRF 
080 |a (082.2)  |2 MRF 
245 0 0 |a 20 let MK :  |b [1991-2011] : vzpomínky, postřehy a přání k narozeninám /  |c Matěj Trávníček a Petr Sokol (eds.) 
246 3 |a Dvacet let MK 
246 3 |a 20 let Mladých konzervativců 
246 3 |a Mladí konzervativci 1991-2011 
250 |a Vyd. 2. 
260 |a Praha :  |b Mladí konzervativci,  |c 2011 
300 |a 86 s. ;  |c 22 cm 
500 |a Pod názvem: Skupina Evropských konzervativců a reformistů 
546 |a Část. anglický, latinský a polský text 
610 2 7 |a Mladí konzervativci (sdružení)  |7 kn20020410013  |2 czenas 
648 7 |a 1991-2010  |7 ch460599  |2 czenas 
648 7 |a 1991-2011  |7 ch967347  |2 czenas 
650 0 7 |a politická hnutí  |7 ph124233  |z Česko  |y 1991-2010  |2 czenas 
650 0 7 |a mládež v politice  |7 ph392779  |z Česko  |y 1991-2010  |2 czenas 
650 0 7 |a konzervatismus  |7 ph121828  |z Česko  |2 czenas 
650 0 7 |a pravice  |7 ph124561  |z Česko  |2 czenas 
650 0 9 |a political movements and alliances  |z Czechia  |y 1991-2010  |2 eczenas 
650 0 9 |a youth in political life  |z Czechia  |y 1991-2010  |2 eczenas 
650 0 9 |a conservatism  |z Czechia  |2 eczenas 
650 0 9 |a right (political science)  |z Czechia  |2 eczenas 
655 7 |a sborníky  |7 fd163935  |2 czenas 
655 7 |a jubilejní publikace  |7 fd131839  |2 czenas 
655 9 |a miscellanea  |2 eczenas 
655 9 |a jubilee books  |2 eczenas 
700 1 |a Trávníček, Matěj  |7 mzk2008463633  |4 edt 
700 1 |a Sokol, Petr,  |d 1974-  |7 jo2001100092  |4 edt 
710 2 |a Mladí konzervativci (sdružení)  |7 kn20020410013 
710 2 |a Evropští konzervativci a reformisté (politická skupina)  |7 kn20100202010 
910 2 |a BOA001  |b 2-1285.193 
990 |a BK 
995 |a 01 
991 |b 201205  |c NOV  |e n 
996 6 |b 2610509146  |c 2-1285.193  |l MZK  |r Sklad / do 1 hodiny  |n 0  |p p.v.  |w 001241769  |u 000010  |a 1  |e BOA001  |j MZK50  |s P